Normal view
MARC view
- Balcı Sezer, Oya
Entry Personal Name
001 - CONTROL NUMBER
- control field: 149287
003 - CONTROL NUMBER IDENTIFIER
- control field: TR-AnTOB
005 - DATE AND TIME OF LATEST TRANSACTION
- control field: 20250721111630.0
008 - FIXED-LENGTH DATA ELEMENTS
- fixed length control field: 250721n|eazannaab| |n aaa d
040 ## - CATALOGING SOURCE
- Original cataloging agency: TR-AnTOB
- Transcribing agency: TR-AnTOB
100 1# - HEADING--PERSONAL NAME
- Personal name: Balcı Sezer, Oya



